000 00600nam a2200229Ia 4500
003 OSt
005 20220928112657.0
006 a|||||r|||| 00| 0
007 ta
008 220927b |||||||| |||| 00| 0 eng d
024 _a29944
037 _cTextual
040 _aSDCL
_cSDCL
_beng
041 _2eng
_aeng
082 _aV2'D078, N8
100 _aThakur Manoj K
_9429177
245 0 _aIndia in the age of Kanishka.
260 _aDelhi
_bOriental Book Centre
_c1998
300 _av,174p
_ccm.
942 _hV2'D078, N8
_cTEXL
_2CC
999 _c745666
_d745666